| 000 | 00533nam a2200169Ia 4500 | ||
|---|---|---|---|
| 008 | 140609s9999 xx 000 0 und d | ||
| 020 | _a9781857885705 | ||
| 050 |
_aP 90 _b.P3393 2011 |
||
| 100 | _aParry, Roger. | ||
| 245 | 4 |
_aThe ascent of media : _bfrom Gilgamesh to Google via Gutenberg / _cRoger Parry |
|
| 260 |
_aLondon ; Boston : _bNicholas Brealey Pub., _cc2011. |
||
| 300 |
_a406 p. : _bill. ; _c24 cm. |
||
| 500 | _aIncludes bibliographical references and index. | ||
| 521 | _aMC | ||
| 942 |
_kFOR _cBK |
||
| 999 |
_c118010 _d118010 |
||